Statistics for Things Banned in China

Click here to take the quiz!

General Stats

  • This quiz has been taken 695 times
    (670 since last reset)
  • The average score is 4 of 10

Answer Stats

HintAnswer% Correct
Major social media siteFacebook
98%
Another social media based around "Tweets"Twitter
96%
Activity; Example: PokerGambling
78%
Popular photo sharing social mediaSnapchat
45%
Famous children's story by Dr. Seuss (formerly)"Green Eggs and Ham"
21%
VERY popular filmAvatar
18%
Famous children's story controversial in the USA due to drug referencesAlice in Wonderland
14%
A type of rich and/or famous peopleCelebrities
12%
Flower featured in the Tunisian revolutionJasmine Flower
12%
Otherwise the military could leak strategiesMilitary usage of the Internet
8%

Score Distribution

Percentile by Number Answered

Percent of People with Each Score

Your Score History

You have not taken this quiz since the last reset